Na čo letia klienti

Poskytovanie vernostných kariet. Čo ľudí na vernostných kartách láka. Tesco club card ako najúspešnejší vernostný program z pohľadu odborníkov. V čom spočíva poskytovanie vernostných kariet. Príklady z praxe spoločností: Tesco, IKEA, Coop jednota, Orange.

Gespeichert in:
Bibliographische Detailangaben
1. Verfasser: Hvozdovičová, Jana
Format: Buchkapitel
Sprache:Slowakisch
Schlagworte:
Tags: Tag hinzufügen
Keine Tags, Fügen Sie das erste Tag hinzu!

MARC

LEADER 00000naa a2200000 4500
001 0144546
005 20231113071223.3
041 0 |a slo 
044 |a SK 
245 1 0 |a Na čo letia klienti  |c Jana Hvozdovičová 
520 |a Poskytovanie vernostných kariet. Čo ľudí na vernostných kartách láka. Tesco club card ako najúspešnejší vernostný program z pohľadu odborníkov. V čom spočíva poskytovanie vernostných kariet. Príklady z praxe spoločností: Tesco, IKEA, Coop jednota, Orange. 
610 2 0 |a marketing 
610 2 0 |a maloobchod 
610 2 0 |a spotrebitelia 
610 2 0 |a nákup 
610 2 0 |a zľavy obchodné 
100 1 |a Hvozdovičová, Jana